| 000 | 00547nam a2200157 a 4500 | ||
|---|---|---|---|
| 008 | 120416s0000 ||||||||||||||||| || u | ||
| 020 | _a020515851X | ||
| 050 | _aTS 155 Ren | ||
| 100 | _aRender, Barry | ||
| 245 | 1 | 0 | _aPrinciples of operations management |
| 246 | _abuilding and managing world-class operations | ||
| 250 | _aAnnotated | ||
| 260 |
_aBoston _bAllyn and Bacon _c1994 |
||
| 350 | _a0.00 | ||
| 995 |
_D0.00 _FCBU-MAIN LIBRARY (Kitwe) _H1 _I0.00 _UDAMAGED _ZMain Library Open Access Collection |
||
| 999 |
_c54622 _d54622 |
||